000 00754nas a2200253 4500
001 BR0102429
003 BR-BrBNA
005 20231205103459.0
007 ta
008 230509b bl.|||p| |||| 00| 00por d
040 _aBR-BrBNA
_bpor
_cBiblioteca Nacional de Agricultura
041 _a(Pt)
072 _aP11
100 1 _aBastos, E.R.
100 1 _aFerreira, E.
245 1 _aModelo matemático para análise de fluxo transiente em rede de canais
650 _aMODELO MATEMÁTICO
650 _aREDE
650 _aCANAL DE ESCOAMENTO
650 _aDRENAGEM
773 0 _tCiência e Agrotecnologia (Brazil)
_xISSN 1413-7054
_g(Jul-Sep 1999), v. 23(3) p. 667-674
_wBR0102429
909 _a202311
_bLúcia
_c55
_dLúcia Elande
942 _2AGRIS
_n0
_cANA
999 _c173101
_d173101